Cars 2 the world grand prix racecars - Statistics

General Stats
  • This quiz has been taken 28 times
  • The average score is 6 of 11
Answer Stats
Racing number Answer % Correct
95 Lightning McQueen
92%
1 Francesco Bernoulli
68%
2 Lewis Hamilton
68%
8 Carla Veloso
52%
24 Jeff Gorvette
52%
4 Max Schnell
48%
5 Miguel Camino
44%
10 Rip Clutchgoneski
40%
7 Shu Todoroki
40%
6 Raoul ÇaRoule
36%
9 Nigel Gearsley
32%
No matching quizzes found
Score Distribution
Percent of People with Each Score
Percentile by Number Answered
Your Score History
You have not taken this quiz